metallica quiz - Statistics

General Stats
  • This quiz has been taken 23 times
  • The average score is 7 of 15
Answer Stats
Question Answer % Correct
what happened on august 8th 1992? a pyrotechnics incident which left james with severe burns
75%
when was metallica formed? 1981
55%
which song has been performed live only ONCE? fixxxer
55%
what are the names of james' kids? cali, castor, marcella
50%
when did robert trujillo join metallica? feb 24th 2003
50%
which song are the lyrics "we're off to never never land" from? "enter sandman", "king nothing"
45%
which city is kirk from? san francisco
45%
who is lloyd grant? a guy who played in the "hit the lights" demo
40%
which albums came out on kirk's birthday? hardwired to self destruct, reload
40%
when is jason newsted’s birthday? march 4th
40%
how many albums does metallica have (excluding lulu)? 11
35%
which song are the lyrics "mommy, where's fluffy?" from? "breadfan"
35%
who is corinne lynn? cliff burton's girlfriend
35%
when was jason’s first metallica show? nov 8th 1986
30%
when was "st. anger" released? june 4th 2003
25%
No matching quizzes found
Score Distribution
Percent of People with Each Score
Percentile by Number Answered
Your Score History
You have not taken this quiz